[Event "Voronezh op-B 23rd"]
[Site "Voronezh"]
[Date "2019.06.14"]
[Round "3"]
[White "Koshelev, Vladimir"]
[Black "Napalkov, Vladimir Aleksandro"]
[Result "0-1"]
[WhiteElo "1725"]
[BlackElo "2043"]
[PlyCount "92"]
[EventDate "2019.06.12"]
[EventType "swiss"]
[EventRounds "9"]
[EventCountry "RUS"]
[SourceTitle "EXT 2020"]
[Source "ChessBase"]
[SourceDate "2019.10.17"]
[SourceVersion "1"]
[SourceVersionDate "2019.10.17"]
[SourceQuality "1"]

1. d4 d5 2. Bf4 c5 3. e3 cxd4 4. exd4 Nc6 5. c3 Bf5 6. Nf3 e6 7. Bd3 Bxd3 8. Qxd3 Nf6 9. 0-0 Be7 10. Nbd2 0-0 11. Rfe1 a6 12. a4 Rc8 13. h3 Na5 14. Ne5 Nd7 15. Nxd7 Qxd7 16. Qg3 Bf6 17. Nf3 Nc4 18. Re2 b5 19. b3 Na5 20. b4 Nb3 21. Rb1 Rxc3 22. Re3 Rxe3 23. fxe3 bxa4 24. Bd6 Rc8 25. Bc5 Qb5 26. Qe1 h6 27. Qd1 a5 28. bxa5 Qxa5 29. Rxb3 axb3 30. Qxb3 Ra8 31. Bd6 Qa4 32. Qxa4 Rxa4 33. h4 h5 34. Bf4 Kh7 35. Kh2 Kg6 36. Kh3 Kf5 37. Kg3 Be7 38. Ne5 f6 39. Nc6 Bf8 40. Kf3 g5 41. hxg5 fxg5 42. Be5 Ra3 43. Nd8 g4+ 44. Kf2 Bh6 45. Bf4 Bxf4 46. exf4 Ra8 0-1

[Event "Voronezh op-B 22nd"]
[Site "Voronezh"]
[Date "2018.06.18"]
[Round "7"]
[White "Zhapova, Yana"]
[Black "Koshelev, Vladimir"]
[Result "1-0"]
[WhiteElo "1597"]
[BlackElo "1741"]
[PlyCount "99"]
[EventDate "2018.06.12"]
[EventType "swiss"]
[EventRounds "9"]
[EventCountry "RUS"]
[SourceTitle "CBM 185 Extra"]
[Source "ChessBase"]
[SourceDate "2018.07.29"]
[SourceVersion "1"]
[SourceVersionDate "2018.07.29"]
[SourceQuality "1"]

1. e4 e6 2. d4 d5 3. Nd2 a6 4. c3 c5 5. exd5 Qxd5 6. Ngf3 Nf6 7. Bc4 Qd8 8. a4 cxd4 9. Nxd4 Bd6 10. 0-0 0-0 11. Re1 e5 12. Nc2 Bg4 13. Be2 Bxe2 14. Qxe2 Nc6 15. Nc4 Bc7 16. Bg5 h6 17. Bh4 g5 18. Bg3 e4 19. Rad1 Qb8 20. Bxc7 Qxc7 21. Nd6 Kg7 22. Nxe4 Rfe8 23. Qf3 Qf4 24. Qxf4 gxf4 25. Nxf6 Rxe1+ 26. Nxe1 Kxf6 27. Rd7 Re8 28. Kf1 b5 29. axb5 axb5 30. Nd3 f3 31. gxf3 Rd8 32. Rxd8 Nxd8 33. Ke2 Ne6 34. Ke3 Kf5 35. b3 f6 36. c4 bxc4 37. bxc4 h5 38. c5 Kg5 39. Ke4 Nc7 40. Nf4 Ne8 41. Ng2 h4 42. Nf4 Nc7 43. c6 Nb5 44. Ne6+ Kg6 45. Kd5 Na7 46. Kd6 Nc8+ 47. Kc7 Ne7 48. Kd7 Nxc6 49. Kxc6 Kf5 50. Kd5 1-0

[Event "Voronezh School op"]
[Site "Voronezh"]
[Date "2015.05.21"]
[Round "3"]
[White "Koshelev, Vladimir"]
[Black "Stepanischev, Gregory"]
[Result "0-1"]
[WhiteElo "1821"]
[BlackElo "1905"]
[PlyCount "120"]
[EventDate "2015.05.19"]
[EventType "swiss"]
[EventRounds "9"]
[EventCountry "RUS"]
[SourceTitle "EXT 2016"]
[Source "ChessBase"]
[SourceDate "2015.10.08"]
[SourceVersion "1"]
[SourceVersionDate "2015.10.08"]
[SourceQuality "1"]

1. d4 Nf6 2. Bg5 Ne4 3. h4 c5 4. d5 d6 5. Bc1 Qa5+ 6. c3 Nf6 7. f3 g6 8. e4 Bg7 9. Na3 a6 10. Nc4 Qc7 11. a4 0-0 12. Bf4 Nh5 13. Bh2 Nd7 14. g4 Nhf6 15. Qd2 Rb8 16. a5 b5 17. Ne3 c4 18. Ne2 Nc5 19. Nd4 Nfd7 20. Nc6 Nb3 21. Qd1 Nxa1 22. Nxb8 Qxb8 23. Qxa1 Nc5 24. Bf4 Nb3 25. Qa3 Qc7 26. Nc2 Qxa5 27. Qxa5 Nxa5 28. Nd4 Bb7 29. h5 Re8 30. hxg6 hxg6 31. Nc2 Nb3 32. Bh6 e6 33. dxe6 Rxe6 34. Kf2 d5 35. Bxg7 Kxg7 36. exd5 Bxd5 37. Ne3 Rd6 38. Be2 Bb7 39. Rd1 Rxd1 40. Nxd1 g5 41. Ke3 Nc1 42. Nf2 Kf6 43. Bd1 Ke5 44. Bc2 f6 45. Bd1 Nd3 46. Nxd3+ cxd3 47. b3 a5 48. c4 bxc4 49. bxc4 Bc6 50. Kxd3 Kf4 51. Kd4 a4 52. Kc3 Ke3 53. Kb4 Kd4 54. Be2 Be8 55. Ka3 Kc5 56. Bd3 Bf7 57. Kxa4 Bxc4 58. Bc2 Kd4 59. Kb4 Bd5 60. Bd1 Ke3 0-1

[Event "Voronezh Region-ch Seniors"]
[Site "Voronezh"]
[Date "2013.11.16"]
[Round "2"]
[White "Filippov, Vladimir Mikhailovi"]
[Black "Koshelev, Vladimir"]
[Result "1-0"]
[WhiteElo "1989"]
[BlackElo "1865"]
[PlyCount "101"]
[EventDate "2013.11.15"]
[EventType "swiss"]
[EventRounds "9"]
[EventCountry "RUS"]
[SourceTitle "EXT 2015"]
[Source "ChessBase"]
[SourceDate "2014.11.20"]
[SourceVersion "1"]
[SourceVersionDate "2014.11.20"]
[SourceQuality "1"]

1. Nf3 d5 2. d4 Nf6 3. e3 Bf5 4. c4 c6 5. Nbd2 e6 6. Qb3 Qb6 7. Be2 Nbd7 8. 0-0 h6 9. Nh4 Bh7 10. Qxb6 axb6 11. a3 Be7 12. Nhf3 dxc4 13. Nxc4 b5 14. Nce5 Nxe5 15. Nxe5 b4 16. Bd2 bxa3 17. bxa3 0-0 18. Bb4 Nd5 19. Bxe7 Nxe7 20. Bd3 Bxd3 21. Nxd3 Ra7 22. Rfb1 b5 23. Nb4 Rfa8 24. Rb3 Ra4 25. g3 Kf8 26. Kf1 Ke8 27. Nd3 Rc4 28. Nb4 Nd5 29. Nxd5 exd5 30. Ke2 Raa4 31. Ra2 b4 32. Rab2 Rxa3 33. Rxb4 Rxb4 34. Rxb4 Ra2+ 35. Kf3 Rc2 36. Rb7 g6 37. Rc7 g5 38. h3 h5 39. Kg2 Rc3 40. Rc8+ Ke7 41. Rh8 f6 42. Rxh5 c5 43. dxc5 Rxc5 44. h4 gxh4 45. Rxh4 Ke6 46. Kf3 Rc2 47. Rf4 f5 48. g4 fxg4+ 49. Rxg4 Ra2 50. Kg3 Re2 51. Ra4 1-0